LIBRARY & INFORMATION CENTRE, KCAET, TAVANUR

ONLINE PUBLIC ACCESS CATALOGUE (OPAC)

Darwaze khol do (Record no. 3408)

MARC details
000 -LEADER
fixed length control field 00362cam a2200169ua 4500
041 ## - LANGUAGE CODE
Language code of text/sound track or separate title hin
082 ## - DEWEY DECIMAL CLASSIFICATION NUMBER
Classification number 891.43
Item number KRI/DA
100 ## - MAIN ENTRY--AUTHOR NAME
Personal name Krishan , Chandar .
245 ## - TITLE STATEMENT
Title Darwaze khol do
260 ## - PUBLICATION, DISTRIBUTION, ETC. (IMPRINT)
Place of publication :
Name of publisher Lattabari Sasakaran ,
Year of publication 1964.
300 ## - PHYSICAL DESCRIPTION
Number of Pages 122 ; .
942 ## - ADDED ENTRY ELEMENTS (KOHA)
Koha item type Books
Holdings
Withdrawn status Lost status Damaged status Home library Current library Date acquired Full call number Accession Number Koha item type Public note
Withdrawn     KAUAET Sanskrit University 07/04/2012 891.43 6266 Books Transferred to Sanskrit University
free website counter